[Event "Gibraltar Masters 2019"]
[Site "Caleta ENG"]
[Date "2019.01.29"]
[Round "8.86"]
[White "Lane,G"]
[Black "Tejaswini,S"]
[Result "1-0"]
[WhiteElo "2358"]
[BlackElo "2190"]

1.e4 e5 2.Nf3 Nc6 3.d4 exd4 4.Nxd4 Bc5 5.Be3 Qf6 6.c3 Nge7 7.Bc4 Ne5 8.Be2 Qg6
9.O-O d6 10.f3 O-O 11.Kh1 Bb6 12.a4 a5 13.Nd2 f5 14.f4 Nf7 15.Rf3 Nh6 16.Rg3 Qe8
17.Nb5 Bxe3 18.Rxe3 Qd8 19.e5 dxe5 20.Rd3 Qe8 21.Nxc7 Qc6 22.Nxa8 e4 23.Rd4 Be6
24.Bb5 Qc8 25.Nb6 Qc7 26.Nd7 Bxd7 27.Rxd7 Qxf4 28.Qf1 Qg5 29.Nxe4 Qh4 30.Nf2 f4
31.Nh3 Ng6 32.Qf2 Qg4 33.Qd4 Nf5 34.Qd5+ Kh8 35.Rd8 Nfh4 36.Rxf8+ Nxf8 37.Qg5  1-0

[Event "Gibraltar Masters 2019"]
[Site "Caleta ENG"]
[Date "2019.01.29"]
[Round "8.85"]
[White "Phadke,So1"]
[Black "Quillan,G"]
[Result "1-0"]
[WhiteElo "2191"]
[BlackElo "2364"]

1.e4 e6 2.d4 d5 3.Nc3 Bb4 4.a3 Bxc3+ 5.bxc3 dxe4 6.Qg4 Nf6 7.Qxg7 Rg8 8.Qh6 Nbd7
9.Ne2 b6 10.Ng3 Bb7 11.Be2 Qe7 12.a4 Rg6 13.Qh4 Ng4 14.Qxe7+ Kxe7 15.a5 f5
16.Nh5 e3 17.fxe3 Bxg2 18.Rg1 Be4 19.Nf4 Rgg8 20.h3 Ngf6 21.Ba3+ Kf7 22.Kd2 Nd5
23.Nd3 Kf6 24.c4 Ne7 25.Nf2 Bb7 26.Raf1 Rxg1 27.Rxg1 Ng6 28.e4 c5 29.d5 fxe4
30.Nxe4+ Ke7 31.d6+ Ke8 32.Bf3 Rd8 33.Bb2 Kf8 34.Rf1 e5 35.Bg4+ Kg7 36.Ng5  1-0

[Event "Gibraltar Masters 2019"]
[Site "Caleta ENG"]
[Date "2019.01.29"]
[Round "8.84"]
[White "Rahul,Srivatshav P"]
[Black "Pinho,P"]
[Result "1-0"]
[WhiteElo "2370"]
[BlackElo "2205"]

1.e4 c5 2.Nf3 e6 3.d3 d5 4.Nbd2 Nc6 5.g3 Nf6 6.Bg2 Be7 7.O-O O-O 8.Re1 b5
9.exd5 exd5 10.a4 b4 11.d4 Bg4 12.dxc5 Ne4 13.Nb3 Nxc5 14.Nxc5 Bxc5 15.h3 Bh5
16.Bf4 Qb6 17.Qd2 Rad8 18.Ne5 Nxe5 19.Rxe5 Bg6 20.Rxd5 Rxd5 21.Bxd5 Rd8 22.Rd1 Kh8
23.Qe2 f6 24.Rd2 Bd4 25.Qc4 Bc5 26.Kg2 Be8 27.Bf3 Rxd2 28.Bxd2 h6 29.Be3 Bxe3
30.Qc8  1-0

[Event "Gibraltar Masters 2019"]
[Site "Caleta ENG"]
[Date "2019.01.29"]
[Round "8.83"]
[White "Sanchez Jerez,E"]
[Black "Anand,N"]
[Result "0-1"]
[WhiteElo "2183"]
[BlackElo "2373"]

1.d4 Nf6 2.Bg5 e6 3.e4 c5 4.d5 d6 5.Nc3 Be7 6.Bb5+ Bd7 7.Bxd7+ Nbxd7 8.dxe6 fxe6
9.Qe2 Qa5 10.Nf3 h6 11.Bd2 Qa6 12.Qxa6 bxa6 13.Bf4 Nh5 14.Be3 Nb6 15.O-O-O Nc4
16.Nd2 Nxe3 17.fxe3 O-O-O 18.Nc4 Kc7 19.g4 Nf6 20.e5 Ne8 21.exd6+ Nxd6 22.Nxd6 Bxd6
23.Ne4 Rhf8 24.h4 Be7 25.Rdf1 Kc6 26.h5 Kd5 27.Nd2 Bg5 28.c4+ Ke5 29.Nf3+ Ke4
30.Nxg5+ hxg5 31.Kc2 Rf3 32.Rxf3 Kxf3 33.h6 gxh6 34.Rxh6 Rd6 35.Rh7 Kxg4
36.Rc7 Kf3 37.Rxc5 g4 38.Rg5 g3 39.c5 Rd8 40.Kc3 Rd5 41.Rg6 Rxc5+ 42.Kd2 g2
43.e4 Rh5  0-1

[Event "Gibraltar Masters 2019"]
[Site "Caleta ENG"]
[Date "2019.01.29"]
[Round "8.82"]
[White "Zhukova,N"]
[Black "Dolzhikova,O"]
[Result "1-0"]
[WhiteElo "2377"]
[BlackElo "2224"]

1.c4 e5 2.Nc3 Nc6 3.Nf3 Bc5 4.e3 d6 5.d4 Bb4 6.Bd2 Nf6 7.Qc2 Bg4 8.d5 Bxc3
9.Bxc3 Ne7 10.Nd2 Nd7 11.h3 Bf5 12.e4 Bg6 13.f4 f5 14.g4 fxe4 15.f5 Nxf5
16.gxf5 Qh4+ 17.Kd1 Bxf5 18.Nb3 O-O 19.Qg2 Bg6 20.Be2 Nf6 21.Bd2 e3 22.Bxe3 Be4
23.Qg1 Bxh1 24.Qxh1 Ne4 25.Kc2 Ng3 26.Qg2 Nxe2 27.Qxe2 Qxh3 28.Nd2 Qf5+ 29.Kc3 c6
30.Qg2 Qd7 31.Rh1 Rac8 32.b3 Qf7 33.Kb2 cxd5 34.cxd5 b5 35.Ne4 Qf3 36.Qxf3 Rxf3
37.Nxd6 Rd8 38.Bc5 Rd3 39.Nf5  1-0

[Event "Gibraltar Masters 2019"]
[Site "Caleta ENG"]
[Date "2019.01.29"]
[Round "8.81"]
[White "Guichard,P"]
[Black "Moksh,Amit Doshi"]
[Result "1-0"]
[WhiteElo "2378"]
[BlackElo "2242"]

1.Nf3 c5 2.c4 Nc6 3.Nc3 g6 4.e3 Nf6 5.d4 cxd4 6.exd4 d5 7.cxd5 Nxd5 8.Qb3 Nxc3
9.Bc4 e6 10.bxc3 Bd7 11.Bd3 Na5 12.Qc2 Bg7 13.Ba3 Bf8 14.Qc1 Bxa3 15.Qxa3 Bc6
16.Be2 b6 17.O-O Qe7 18.Qb4 Bxf3 19.Bxf3 Rc8 20.d5 Rc4 21.Qb5+ Qd7 22.Qa6 e5
23.Rfe1 f6 24.Re3 O-O 25.Be2 Rc5 26.Rd1 Rfc8 27.d6 f5 28.h4 Rd8 29.Bf1 e4
30.f3 Qg7 31.fxe4 Rxc3 32.Rxc3 Qxc3 33.Qxa7 Qc5+ 34.Kh1 Nc6 35.Qa4 fxe4 36.Qxe4 Kg7
37.d7 Rf8 38.Be2 g5 39.Bd3 Rf4 40.Qxh7+ Kf8 41.Qh6+ Kf7 42.Qh5+ Kf6 43.Qg6+ Ke7
44.Qe8+ Kf6 45.d8=Q+  1-0

[Event "Gibraltar Masters 2019"]
[Site "Caleta ENG"]
[Date "2019.01.29"]
[Round "8.80"]
[White "Valhondo Morales,R"]
[Black "Seeman,T"]
[Result "0-1"]
[WhiteElo "2231"]
[BlackElo "2386"]

1.e4 g6 2.d4 Bg7 3.Nc3 c6 4.h3 d5 5.e5 Nh6 6.Nf3 f6 7.exf6 exf6 8.Be2 O-O
9.O-O Re8 10.Re1 Nd7 11.a4 a5 12.Bf1 Rxe1 13.Qxe1 Nf8 14.Ne2 Be6 15.Bd2 Nf5
16.b3 Bf7 17.Rc1 Ne6 18.c3 Qd7 19.Nf4 Re8 20.Qd1 Nxf4 21.Bxf4 Bf8 22.Bd3 g5
23.Qc2 Bg6 24.Bd2 Kg7 25.Rd1 Bd6 26.c4 Bc7 27.c5 h5 28.Bc3 g4 29.hxg4 hxg4
30.Nd2 Rh8 31.g3 Kf8 32.Nb1 Qh7 33.Kf1 Qh1+ 34.Ke2 Nxg3+  0-1

[Event "Gibraltar Masters 2019"]
[Site "Caleta ENG"]
[Date "2019.01.29"]
[Round "8.79"]
[White "Shachar,E"]
[Black "Fuchs,Ju"]
[Result "1/2-1/2"]
[WhiteElo "2391"]
[BlackElo "2249"]

1.e4 c6 2.d4 d5 3.e5 c5 4.Ne2 Nc6 5.c3 cxd4 6.cxd4 Bf5 7.Ng3 Bg6 8.Be3 e6
9.Nc3 h5 10.Bd3 Bxd3 11.Qxd3 h4 12.Nge2 Nge7 13.h3 Nf5 14.O-O Be7 15.Rac1 Qd7
16.Qd2 Rg8 17.f4 O-O-O 18.Na4 Kb8 19.Nc5 Bxc5 20.Rxc5 Nxe3 21.Qxe3 Ne7 22.Kh2 Nf5
23.Qd2 g5 24.fxg5 Qe7 25.g4 hxg3+ 26.Nxg3 Nxg3 27.Kxg3 Rxg5+ 28.Kh2 Rdg8
29.Rc2 Qf8 30.Qa5 b6 31.Qc3 Qg7 32.Qc7+ Ka8 33.Qc6+ Kb8 34.Qc7+  1/2-1/2

[Event "Gibraltar Masters 2019"]
[Site "Caleta ENG"]
[Date "2019.01.29"]
[Round "8.78"]
[White "Schippers,Maurice"]
[Black "Merario Alarcon,Andres"]
[Result "1-0"]
[WhiteElo "2276"]
[BlackElo "2405"]

1.Nf3 c5 2.g3 Nf6 3.Bg2 d5 4.O-O e6 5.d3 Be7 6.Nbd2 Nc6 7.e4 O-O 8.Re1 Qc7
9.e5 Nd7 10.Qe2 b5 11.Nf1 Bb7 12.Bf4 Rfc8 13.h4 Qd8 14.N1h2 a5 15.h5 h6 16.Ng4 Bf8
17.Qd2 b4 18.Ne3 a4 19.a3 Nd4 20.axb4 Nxf3+ 21.Bxf3 cxb4 22.d4 Nb6 23.b3 axb3
24.cxb3 Ra3 25.Rab1 Rc3 26.Bd1 Qa8 27.Rb2 Ba6 28.Bc2 Qd8 29.Ng4 Nd7 30.Qd1 Bb5
31.Bb1 Be7 32.Bd2 Rc8 33.Qf3 Qf8 34.Ne3 Bg5 35.Qg4 Kh8 36.f4 Be7 37.Ng2 Qg8
38.f5 Ra1 39.fxe6 fxe6 40.Nf4 Nf8 41.Nxd5 Qf7 42.Nf4 Rd8 43.Bg6 Rxe1+ 44.Bxe1 Qg8
45.Bf2 Bg5 46.Nh3 Bc1 47.Rc2 Nxg6 48.hxg6 Rc8 49.Qd1 Ba3 50.Ng5 Rf8 51.Rc8 Rxc8
52.Nf7+ Qxf7 53.gxf7 Rf8 54.Qf3  1-0

[Event "Gibraltar Masters 2019"]
[Site "Caleta ENG"]
[Date "2019.01.29"]
[Round "8.77"]
[White "Erenberg,Ariel"]
[Black "Giemsa,S"]
[Result "1/2-1/2"]
[WhiteElo "2409"]
[BlackElo "2275"]

1.c4 e5 2.Nc3 Nc6 3.Nf3 Nf6 4.g3 Nd4 5.Bg2 Nxf3+ 6.Bxf3 Bb4 7.O-O O-O 8.d4 Bxc3
9.bxc3 d6 10.Qb3 e4 11.Bg2 h6 12.f3 Re8 13.fxe4 Nxe4 14.Qc2 Qe7 15.Ba3 Rb8
16.Rae1 b6 17.Bc1 Bd7 18.Rf3 Ng5 19.Re3 Qf8 20.Rxe8 Rxe8 21.e4 Bh3 22.Bxg5 Bxg2
23.Bxh6 Bh3 24.Bf4 f6 25.Qe2 Qf7 26.Qf3 Qg6 27.Bd2 Be6 28.d5 Bh3 29.Kf2 Bc8
30.h4 Bg4 31.Qd3 Bc8 32.Bf4 Bg4 33.a3 Bd7 34.Bd2 Bg4 35.Kg2 Bd7 36.Qf3 Bg4
37.Qf4 Re5 38.Kh2  1/2-1/2

[Event "Gibraltar Masters 2019"]
[Site "Caleta ENG"]
[Date "2019.01.29"]
[Round "8.76"]
[White "Solomon,K"]
[Black "Mannion,Stephen R"]
[Result "1-0"]
[WhiteElo "2413"]
[BlackElo "2293"]

1.d4 d5 2.Nf3 Nf6 3.c4 dxc4 4.e3 e6 5.Bxc4 c5 6.O-O a6 7.Qe2 Nc6 8.Rd1 cxd4
9.exd4 Be7 10.Nc3 Nd5 11.Qe4 Nf6 12.Qh4 Nd5 13.Qg4 O-O 14.Bh6 Bf6 15.Ne4 Kh8
16.Nxf6 gxh6 17.Bxd5 Qxf6 18.Bxc6 bxc6 19.Qe4 Rb8 20.b3 Rb5 21.Rac1 Bb7 22.Rc5 Rd8
23.Rdc1 Rd5 24.h3 Qe7 25.Qf4 Kg7 26.Ne5 Qf6 27.Qe3 Rbxc5 28.Rxc5 Qg5 29.f4 Qd8
30.Qc3 Rxc5 31.Qxc5 Qh4 32.Nd7 Qxf4 33.Qf8+ Kg6 34.Ne5+ Kf5 35.Qxf7+ Ke4
36.Qxh7+ Kd5 37.Qd7+ Ke4 38.Nf3 Qe3+ 39.Kh2 Qf4+ 40.Kh1 Ke3 41.Qxb7 Kf2 42.Qxc6  1-0

[Event "Gibraltar Masters 2019"]
[Site "Caleta ENG"]
[Date "2019.01.29"]
[Round "8.75"]
[White "Risting,Eivind Olav"]
[Black "Danielian,E"]
[Result "1-0"]
[WhiteElo "2281"]
[BlackElo "2427"]

1.d4 Nf6 2.c4 e6 3.Nf3 b6 4.a3 Ba6 5.Qc2 Bb7 6.Nc3 c5 7.e4 cxd4 8.Nxd4 Bc5
9.Nf3 Nc6 10.b4 Nd4 11.Qd2 Nxf3+ 12.gxf3 Be7 13.Rg1 g6 14.Bb2 d6 15.O-O-O O-O
16.Qh6 e5 17.h4 Re8 18.Kb1 Rc8 19.Nd5 Bf8 20.Qg5 Bg7 21.Ne3 h6 22.Qg2 Nh5
23.Qh2 Qf6 24.Bh3 Qxf3 25.Bxc8 Qxe4+ 26.Ka1 Rxc8 27.Rxd6 Nf4 28.Rgd1 h5 29.Qg3 Rc7
30.Qg5 Kh7 31.Qd8 Rxc4 32.Nxc4 Qxc4 33.Qe7 Bf3 34.Rc1 Qe4 35.Qxf7 Bg4 36.Rc7 Qh1+
37.Bc1  1-0

[Event "Gibraltar Masters 2019"]
[Site "Caleta ENG"]
[Date "2019.01.29"]
[Round "8.74"]
[White "Zuo,Yifan"]
[Black "Raja,Rithvik R"]
[Result "0-1"]
[WhiteElo "2298"]
[BlackElo "2431"]

1.d4 Nf6 2.c4 e6 3.Nf3 d5 4.g3 dxc4 5.Qa4+ Nbd7 6.Qxc4 a6 7.Bg2 b5 8.Qc2 Bb7
9.O-O c5 10.a3 Rc8 11.Qd1 Be7 12.Nc3 O-O 13.Be3 Ng4 14.Qd2 Nb6 15.b3 Nxe3
16.fxe3 b4 17.axb4 cxd4 18.Na4 Nxa4 19.Rxa4 dxe3 20.Qxe3 Bf6 21.Ne5 Bxg2
22.Kxg2 Qd5+ 23.Nf3 Rc3 24.Qd2 Qxb3 25.Qa2 Qxa2 26.Rxa2 Rc6 27.Rd1 Rb8 28.Rd7 g5
29.Ra7 g4 30.Ne1 Bd4 31.R7xa6 Rc1 32.e3 Bxe3 33.Re2 Bb6 34.h3 Rc4 35.Nd3 Rc3
36.Nf4 gxh3+ 37.Kxh3 Bc7 38.Nh5 Rxb4 39.Re4 Bxg3 40.Rxb4 Bd6+ 41.Kh4 Be7+
42.Nf6+ Bxf6+ 43.Kg4 Kg7 44.Rb7 Kg6 45.Kf4 h5 46.Raa7 Bg5+ 47.Ke4 Re3+ 48.Kd4 Rf3
49.Ra8 h4 50.Rb5 f6 51.Rg8+ Kh5 52.Rb6 e5+ 53.Ke4 Kg4 54.Rb1 h3  0-1

[Event "Gibraltar Masters 2019"]
[Site "Caleta ENG"]
[Date "2019.01.29"]
[Round "8.73"]
[White "Welling,G"]
[Black "Ubilava,E"]
[Result "0-1"]
[WhiteElo "2299"]
[BlackElo "2495"]

1.g3 c5 2.Bg2 d5 3.Nf3 Nc6 4.O-O e5 5.d3 Be7 6.e4 d4 7.Nbd2 Be6 8.Nc4 f6
9.a4 g5 10.Ne1 h5 11.f4 exf4 12.gxf4 g4 13.b3 Nh6 14.Bd2 Qd7 15.f5 Bxc4 16.bxc4 Ne5
17.Bh1 Nhf7 18.Ng2 O-O-O 19.Nh4 Rdg8 20.a5 Ng5 21.Bxg5 Rxg5 22.a6 b6 23.Bg2 Bd6
24.Kh1 Rgg8 25.Qe1 Qg7 26.Qe2 Qg5 27.Qe1 Rg7 28.Ng6 Nxg6 29.fxg6 Be5 30.Qf2 Kc7  0-1

[Event "Gibraltar Masters 2019"]
[Site "Caleta ENG"]
[Date "2019.01.29"]
[Round "8.72"]
[White "Lombaers,P"]
[Black "Srija,S"]
[Result "1/2-1/2"]
[WhiteElo "2372"]
[BlackElo "2210"]

1.c4 e5 2.g3 Nc6 3.Nc3 g6 4.Bg2 Bg7 5.e3 d6 6.Nge2 Nge7 7.O-O Be6 8.d4 Bxc4
9.d5 Bxe2 10.Qxe2 Nb8 11.Qb5+ Nd7 12.Qxb7 O-O 13.e4 a6 14.Qb3 f5 15.f3 Nc5
16.Qc4 f4 17.b4 Nd7 18.g4 Kh8 19.Bd2 c6 20.dxc6 Nb6 21.Qd3 Nxc6 22.Rfb1 Nd4
23.a4 Qc8 24.Be1 Qc4 25.Qd1 Rfc8 26.a5 Nd7 27.Bf1 Qc7 28.Rc1 Qb7 29.Nd5 Nf6
30.Nb6 Rxc1 31.Rxc1 Rd8 32.Bh4 Rf8 33.Bxf6 Bxf6 34.Kg2 h5 35.h3 Bd8 36.Nd5 Rf7
37.g5 Bxg5 38.Qd3 Nb5 39.Qc4 Qa7 40.Qc8+ Kg7 41.Nb6 Bh4 42.Bc4 Rf8 43.Qe6 Qc7
44.Qd7+ Qxd7 45.Nxd7 Rc8 46.Nb6 Rc6 47.Ra1 Nc7 48.Ra2 Be1 49.Bxa6 Nxa6 50.b5 Rc7
51.bxa6 Ra7 52.Kf1 Bh4 53.Ke2 Rxa6 54.Kd3 Be1 55.Nc4 Kf6 56.Ra1 Bb4 57.Kc2 Bc5
58.h4 Bf2 59.Rh1 Ke6 60.Kb3 Kd7 61.Ka4 Kc6 62.Rh2 Bc5 63.Rg2 Ra8 64.Rxg6 Re8
65.Rh6 Re7 66.Rg6 Re8 67.Rf6 Re7 68.Rh6 Re8  1/2-1/2

[Event "Gibraltar Masters 2019"]
[Site "Caleta ENG"]
[Date "2019.01.29"]
[Round "8.71"]
[White "Stewart,Ashley"]
[Black "Hedman,E"]
[Result "1/2-1/2"]
[WhiteElo "2122"]
[BlackElo "2378"]

1.c4 e6 2.g3 d5 3.Bg2 Nf6 4.Nf3 dxc4 5.Qa4+ Nbd7 6.Qxc4 c5 7.O-O b6 8.d4 Bb7
9.Rd1 Rc8 10.Nc3 a6 11.dxc5 Bxc5 12.Qf4 Qe7 13.Be3 Bb4 14.Rac1 Bxc3 15.Rxc3 Rxc3
16.bxc3 Nd5 17.Qd4 Nxe3 18.Qxe3 O-O 19.Qd4 Nc5 20.Qd6 Qxd6 21.Rxd6 Bxf3 22.Bxf3 Rb8
23.Rc6 Kf8 24.Rc7 Rd8 25.Rc6 Rb8 26.Rc7 Rd8 27.Rc6 Rb8 28.Rc7  1/2-1/2

[Event "Gibraltar Masters 2019"]
[Site "Caleta ENG"]
[Date "2019.01.29"]
[Round "8.70"]
[White "Stijve,Theo"]
[Black "Shvayger,Y"]
[Result "0-1"]
[WhiteElo "2339"]
[BlackElo "2387"]

1.e4 c5 2.Nf3 Nc6 3.Nc3 g6 4.Bb5 Bg7 5.O-O e5 6.a3 Nge7 7.b4 b6 8.d3 O-O
9.Bc4 d6 10.Nd5 Be6 11.c3 h6 12.Be3 Bxd5 13.exd5 Nb8 14.Qd2 Kh7 15.Ne1 Nd7
16.d4 cxd4 17.cxd4 e4 18.f3 Nf6 19.fxe4 Nxe4 20.Qd3 Nf6 21.Qb3 Ng4 22.Nc2 Rc8
23.Qd3 Qc7 24.Bb3 Qc3 25.Rad1 Qxd3 26.Rxd3 Rxc2 27.Bxc2 Nxe3 28.Re1 N3xd5
29.Bb3 Bf6 30.Kf2 Kg7 31.Kf3 h5 32.g3 Rc8 33.Ke4 Nc3+ 34.Kf3 Nf5 35.Bd1 Nxd4+
36.Kg2 d5 37.Bf3 Nxf3 38.Kxf3 d4 39.Rc1 Re8 40.h4 b5 41.Rf1 Re6 42.Rc1 Ra6
43.Ra1 Be5 44.Re1 f6 45.Ra1 f5  0-1

[Event "Gibraltar Masters 2019"]
[Site "Caleta ENG"]
[Date "2019.01.29"]
[Round "8.69"]
[White "Heinemann,Josefine"]
[Black "Reuben,S"]
[Result "1-0"]
[WhiteElo "2304"]
[BlackElo "1989"]

1.e4 c5 2.Nf3 g6 3.d4 Bg7 4.c4 cxd4 5.Nxd4 Nc6 6.Be3 Nf6 7.Nc3 Ng4 8.Qxg4 Nxd4
9.Qd1 e5 10.Bd3 d6 11.O-O O-O 12.Qd2 Be6 13.b3 f5 14.f3 Qd7 15.Rad1 Qe7 16.Bb1 fxe4
17.Bxe4 Bf5 18.Ne2 Nxe2+ 19.Qxe2 Bxe4 20.fxe4 Rxf1+ 21.Qxf1 b6 22.Qd3 Qb7
23.Qxd6 Qxe4 24.Qd5+ Qxd5 25.Rxd5 Rf8 26.a4 Bf6 27.Rd7 Rf7 28.Rxf7 Kxf7 29.a5 bxa5
30.Bxa7 Bd8 31.Kf2 Ke6 32.Kf3 Kd6 33.Ke4 Bc7 34.Bf2 Kc6 35.g4 Kd6 36.Bg3 Ke6
37.Be1 Kd6 38.Bc3 Kc5 39.Bxe5 Bxe5 40.Kxe5 Kb4 41.Kd5 Kxb3 42.c5 a4 43.c6 a3
44.c7 a2 45.c8=Q a1=Q 46.Qc4+ Kb2 47.Qd4+ Kb1 48.Qxa1+ Kxa1 49.Ke6 Kb2 50.Kf6 Kc3
51.g5  1-0

[Event "Gibraltar Masters 2019"]
[Site "Caleta ENG"]
[Date "2019.01.29"]
[Round "8.68"]
[White "Sukandar,I"]
[Black "Benmesbah,N"]
[Result "1-0"]
[WhiteElo "2397"]
[BlackElo "2252"]

1.e4 c5 2.Nf3 Nc6 3.d4 cxd4 4.Nxd4 e5 5.Nb5 d6 6.c4 Be7 7.N5c3 Be6 8.Nd5 Rc8
9.Nbc3 a6 10.Be3 Bg5 11.Bb6 Qd7 12.Bd3 Bd8 13.Be3 Nge7 14.O-O O-O 15.Rc1 f5
16.f3 Qe8 17.b4 Bxd5 18.Nxd5 f4 19.Bf2 Nd4 20.Bxd4 exd4 21.Bb1 Nxd5 22.exd5 Qe3+
23.Kh1 Qa3 24.Qxd4 Qxb4 25.Qe4 Bf6 26.Qxh7+ Kf7 27.Rfe1 Be5 28.Qg6+ Kg8 29.Qe6+ Kh8
30.Qh3+  1-0

[Event "Gibraltar Masters 2019"]
[Site "Caleta ENG"]
[Date "2019.01.29"]
[Round "8.67"]
[White "Larino Nieto,D"]
[Black "Koehler,G2"]
[Result "1-0"]
[WhiteElo "2432"]
[BlackElo "2184"]

1.Nf3 Nf6 2.b3 g6 3.Bb2 Bg7 4.g3 O-O 5.Bg2 d6 6.d4 a5 7.Nc3 Nbd7 8.e4 c6
9.O-O Qc7 10.Re1 e5 11.dxe5 dxe5 12.Ba3 Re8 13.Bd6 Qd8 14.Qd2 Bf8 15.Bxf8 Kxf8
16.Rad1 Qe7 17.Qd6 Qxd6 18.Rxd6 Re7 19.a4 Ne8 20.Rd3 Nc5 21.Rd8 Ne6 22.Rd2 f6
23.Red1 N8c7 24.h4 h5 25.Bf1 Ke8 26.Nd5 cxd5 27.exd5 Nxd5 28.Rxd5 Bd7 29.Bd3 Nf8
30.Nd2 Bc6 31.Ne4 Kf7 32.Rd6 Ne6 33.f3 f5 34.Ng5+ Nxg5 35.hxg5 Bxf3 36.Bc4+ Kg7
37.R1d2 Rf8 38.Kf2 Bc6 39.Bd5 f4 40.Bxc6 bxc6 41.gxf4 exf4 42.Rd7 Rff7 43.Rxe7 Rxe7
44.Kf3 Rf7 45.Rd6 Rf5 46.Rd7+ Kf8 47.Rc7 Rxg5 48.Rxc6 Rg4 49.c3 g5 50.b4 Rg3+
51.Kf2 Ke7 52.bxa5 Kd7 53.Rc5 g4 54.a6 Re3 55.a7 Re8 56.Rxh5 Kc7 57.Rf5 g3+
58.Kg2 Kb7 59.Rxf4 Kxa7 60.Kxg3 Re3+ 61.Rf3 Re4 62.a5 Ka6 63.Rd3 Kxa5 64.Kf3 Re8
65.Re3 Rd8 66.Re5+ Kb6 67.Ke4 Rd1 68.Rd5 Rh1 69.Kd3 Rh3+ 70.Kc4 Rh4+ 71.Rd4 Rxd4+
72.Kxd4 Kc6 73.Kc4  1-0

[Event "Gibraltar Masters 2019"]
[Site "Caleta ENG"]
[Date "2019.01.29"]
[Round "8.66"]
[White "Tokhirjonova,Gulrukhbegim"]
[Black "Solozhenkina,Elizaveta"]
[Result "1/2-1/2"]
[WhiteElo "2446"]
[BlackElo "2279"]

1.e4 c6 2.d4 d5 3.e5 Bf5 4.h4 h5 5.c4 e6 6.Nc3 Ne7 7.Nge2 Nd7 8.Ng3 Bg6 9.Bg5 Qb6
10.Rc1 dxc4 11.Bxc4 Qb4 12.Bb3 Rd8 13.a3 Qb6 14.Na4 Qa5+ 15.Bd2 Qa6 16.Qe2 Bd3
17.Qf3 Nf5 18.Nxf5 Bxf5 19.Bg5 Ra8 20.Qe3 Qd3 21.Qxd3 Bxd3 22.Kd2 Bf5 23.Bd1 Nb6
24.Re1 Kd7 25.Re3 Nd5 26.Rb3 Kc7 27.Bf3 f6 28.Be3 Nxe3 29.Kxe3 fxe5 30.dxe5 g6
31.Be2 Be7 32.g3 Rhd8 33.Nc5 Rab8 34.Bf3 Bf8 35.Bg2 Bxc5+ 36.Rxc5 Rd1 37.Bf3 Re1+
38.Be2 Rd8 39.f3 Bh3 40.Kf2 Rh1 41.a4 Bf5  1/2-1/2

[Event "Gibraltar Masters 2019"]
[Site "Caleta ENG"]
[Date "2019.01.29"]
[Round "8.65"]
[White "Byron,A"]
[Black "Hanley,C"]
[Result "1/2-1/2"]
[WhiteElo "2157"]
[BlackElo "2452"]

1.e4 c5 2.Nf3 d6 3.d4 cxd4 4.Nxd4 Nf6 5.Nc3 a6 6.a4 e5 7.Nf3 Qc7 8.Be2 Be7
9.Be3 O-O 10.O-O Be6 11.a5 Nc6 12.Bb6 Qc8 13.Ra4 Bd8 14.Qxd6 Bxb6 15.axb6 Rd8
16.Qc7 Qxc7 17.bxc7 Rdc8 18.Rd1 Rxc7 19.Nd5 Rd7 20.Nxf6+ gxf6 21.Rxd7 Bxd7
22.Rc4 f5 23.exf5 Bxf5 24.Rc5 f6 25.h3 Kf7 26.Nh4 Be4 27.f3 Bg6 28.Kf2 Ke7
29.Rc3 Kd6 30.Bd3 Ne7 31.Be4 Rb8 32.Rd3+ Ke6 33.Rb3 b5 34.Rc3 f5 35.Bd3 Rd8
36.Ra3 Rd6 37.g4 fxg4 38.Nxg6 g3+ 39.Kxg3 hxg6 40.f4 Nd5 41.fxe5 Kxe5 42.c4 Nc7
43.cxb5 axb5 44.Rb3 b4 45.Bc4 Rb6 46.Rd3  1/2-1/2

[Event "Gibraltar Masters 2019"]
[Site "Caleta ENG"]
[Date "2019.01.29"]
[Round "8.64"]
[White "Haldorsen,Benjamin"]
[Black "Michenka,J"]
[Result "1/2-1/2"]
[WhiteElo "2454"]
[BlackElo "2280"]

1.e4 c5 2.Nf3 e6 3.g3 Nf6 4.Qe2 Nc6 5.Bg2 Be7 6.O-O O-O 7.e5 Nd5 8.Na3 d6
9.Nc4 b6 10.d3 Bb7 11.exd6 Bxd6 12.c3 Be7 13.a4 a6 14.Re1 Qc7 15.Ng5 Nd8
16.h4 b5 17.axb5 axb5 18.Rxa8 Bxa8 19.Na3 b4 20.cxb4 cxb4 21.Nc4 h6 22.Nf3 Nc6
23.Bd2 Bc5 24.Ra1 Qxg3 25.Be3 Bxe3 26.Nxe3 Qf4 27.Nxd5 exd5 28.Qe3 Qg4 29.Qc5 Bb7
30.Re1 Rd8 31.Qb6 Qd7 32.Ne5 Nxe5 33.Rxe5 Ra8 34.Qxb4 Ra4 35.Qe7 Qxe7 36.Rxe7 Rb4
37.Re8+ Kh7 38.Rb8 Rb5 39.d4 Kg6 40.Bf1 Rxb2 41.Kg2 Rb6 42.Kg3 Kf6 43.Bh3 Ke7
44.h5 Rb5 45.Bf1 Rb6 46.Bh3 Rb5 47.Bf1 Rb6 48.Bh3  1/2-1/2

[Event "Gibraltar Masters 2019"]
[Site "Caleta ENG"]
[Date "2019.01.29"]
[Round "8.63"]
[White "Barski,R"]
[Black "Bellin,R"]
[Result "0-1"]
[WhiteElo "2458"]
[BlackElo "2312"]

1.e4 c5 2.Nf3 Nc6 3.Bb5 d6 4.O-O Bd7 5.c3 a6 6.Ba4 Nf6 7.Re1 b5 8.Bc2 e5
9.h3 Qc7 10.d3 g6 11.Nbd2 Bg7 12.Nf1 O-O 13.Ng3 d5 14.Bg5 dxe4 15.dxe4 h6
16.Be3 Na5 17.Nd2 Be6 18.Qf3 Rfd8 19.Ndf1 Qe7 20.Bc1 Rac8 21.Ne3 c4 22.b4 cxb3
23.axb3 Qc7 24.Ba3 Nb7 25.h4 h5 26.Bb2 a5 27.c4 Ng4 28.Nef5 Bf8 29.Nxh5 gxh5
30.Ng3 Qe7 31.Nf5 Qf6 32.Bc1 Rd7 33.Qg3 Qg6 34.Bg5 Bc5 35.Re2 f6 36.Bc1 Rcd8
37.Be3 Kh7 38.Bxc5 Nxc5 39.cxb5 Nxe4 40.Rxe4 Bxf5 41.Qf3 Nh6 42.g4 Bxe4 43.Qxe4 Qxe4
44.Bxe4+ f5 45.gxf5 Rd1+  0-1

[Event "Gibraltar Masters 2019"]
[Site "Caleta ENG"]
[Date "2019.01.29"]
[Round "8.62"]
[White "Kulon,K"]
[Black "Pogonina,N"]
[Result "1-0"]
[WhiteElo "2347"]
[BlackElo "2465"]

1.e4 e5 2.Nf3 Nc6 3.Bc4 Bc5 4.b4 Bxb4 5.c3 Ba5 6.d4 d6 7.Qb3 Qd7 8.dxe5 Bb6
9.Nbd2 Na5 10.Qc2 Nxc4 11.Nxc4 Qe6 12.Nxb6 axb6 13.exd6 Qxd6 14.O-O Ne7 15.Rd1 Qc6
16.Bg5 f6 17.Nd4 Qc4 18.Bf4 Ng6 19.Bg3 O-O 20.Qb3 Qxb3 21.axb3 Rxa1 22.Rxa1 c6
23.Bd6 Re8 24.f3 b5 25.Ra8 Kf7 26.Rb8 Nf8 27.Kf2 g6 28.b4 Nd7 29.Ra8 Nb6
30.Ra7 Nc4 31.Bc5 Kg8 32.Nb3 Kf7 33.g4 f5 34.exf5 gxf5 35.h3 Kg6 36.Bd4 fxg4
37.hxg4 h5 38.gxh5+ Kxh5 39.Nc5 Nd6 40.Ra1 Kg6 41.Rg1+ Kf7 42.Rg7+ Kf8 43.Rh7 Re7
44.Rh8+ Kf7 45.Nd3 Bf5 46.Nf4 Rd7 47.Rh6 Ne8 48.Kg3 Rd6 49.Rh8 Rd7 50.Kh4 Nc7
51.Kg5 Bc2 52.Rh6 Nd5 53.Ng6 Bxg6 54.Rxg6 Ne7 55.Rf6+ Ke8 56.Bc5 Rd5+ 57.Kf4 Nc8
58.Rf8+ Kd7 59.Rf7+ Ke6 60.Rxb7 Rd8 61.Rh7 Kd5 62.Rh5+ Kc4 63.Rh6 Kd5 64.Ke3 Re8+
65.Kd3 Rg8 66.Rh5+ Ke6 67.f4 Rg3+ 68.Kd4 Rf3 69.Rh6+ Kd7 70.Rh7+ Kd8 71.Ke5 Rxc3
72.f5 Rc1 73.f6 Re1+ 74.Kf5 Rf1+ 75.Kg6  1-0

[Event "Gibraltar Masters 2019"]
[Site "Caleta ENG"]
[Date "2019.01.29"]
[Round "8.89"]
[White "Fenollar Jorda,M"]
[Black "Lim,Z"]
[Result "1/2-1/2"]
[WhiteElo "2342"]
[BlackElo "2178"]

1.d4 Nf6 2.Nf3 d5 3.Bf4 c5 4.e3 Nc6 5.Nbd2 e6 6.c3 cxd4 7.exd4 Nh5 8.Be3 Bd6
9.Ne5 g6 10.Ndf3 f6 11.Nd3 Ng7 12.Bf4 O-O 13.Bxd6 Qxd6 14.Be2 e5 15.dxe5 fxe5
16.Nc1 Bg4 17.O-O Rad8 18.Nb3 Nh5 19.Ne1 Bxe2 20.Qxe2 Nf4 21.Qd2 Qf6 22.Nd3 Nxg2
23.Kxg2 Qf3+ 24.Kg1 Qg4+ 25.Kh1 Qf3+ 26.Kg1 Qg4+ 27.Kh1 Qf3+  1/2-1/2

[Event "Gibraltar Masters 2019"]
[Site "Caleta ENG"]
[Date "2019.01.29"]
[Round "8.61"]
[White "Bilguun,Sumiya"]
[Black "Osmanodja,F"]
[Result "1-0"]
[WhiteElo "2471"]
[BlackElo "2318"]

1.e4 e5 2.Nf3 Nc6 3.Bc4 Bc5 4.c3 Nf6 5.d3 d6 6.O-O O-O 7.Bb3 h6 8.Re1 a5
9.h3 Be6 10.Bc2 d5 11.Nbd2 dxe4 12.dxe4 Qb8 13.Nh4 Qa7 14.Qf3 Nh7 15.Nf5 h5
16.Nf1 g6 17.Bh6 Rfd8 18.Ng7 Bc4 19.Nxh5 Rd6 20.Qg3 g5 21.Bxg5 Rg6 22.h4 f6
23.Ne3 Bf7 24.Nxf6+ Nxf6 25.Nf5 Be6 26.Bb3 Bxb3 27.axb3 Rf8 28.b4 Bb6 29.bxa5 Nxe4
30.axb6 Qxa1 31.Qe3 Qxe1+ 32.Qxe1 Nxg5 33.hxg5 Rxf5 34.Qe4 Ne7 35.bxc7 Rc6
36.Qb4 Rf7 37.Qxb7 Rc5 38.Qb6 Rd5 39.g6 Rd1+ 40.Kh2 Rg7 41.Qb8+  1-0

[Event "Gibraltar Masters 2019"]
[Site "Caleta ENG"]
[Date "2019.01.29"]
[Round "8.59"]
[White "Galinsky,T"]
[Black "Gunina,V"]
[Result "1-0"]
[WhiteElo "2365"]
[BlackElo "2501"]

1.d4 Nf6 2.Nf3 e6 3.Bf4 b6 4.h3 Bb7 5.e3 c5 6.Bd3 Be7 7.O-O O-O 8.a3 d6 9.c4 cxd4
10.exd4 d5 11.Nc3 dxc4 12.Bxc4 Nc6 13.Re1 Na5 14.Ba2 Rc8 15.Ne5 Nd5 16.Bd2 Nc7
17.Qg4 Kh8 18.Rad1 Nd5 19.Qh5 g6 20.Qe2 Nxc3 21.bxc3 Bg5 22.Bxg5 Qxg5 23.f4 Qe7
24.d5 Qc5+ 25.Kh2 Qxc3 26.dxe6 fxe6 27.Bxe6 Rce8 28.Rd3 Qc7 29.Qb2 Qg7 30.Rd7 Qf6
31.Nf7+ Rxf7 32.Bxf7 Qxb2 33.Rxe8+ Kg7 34.Bg8+  1-0

[Event "Gibraltar Masters 2019"]
[Site "Caleta ENG"]
[Date "2019.01.29"]
[Round "8.58"]
[White "Zanan,E"]
[Black "Dhulipalla,Bala Chandra Prasad"]
[Result "1-0"]
[WhiteElo "2528"]
[BlackElo "2341"]

1.e4 e5 2.Nf3 Nc6 3.Bb5 a6 4.Ba4 Nf6 5.O-O Be7 6.Re1 b5 7.Bb3 d6 8.c3 O-O
9.h3 Nb8 10.d4 Nbd7 11.Nbd2 Bb7 12.Bc2 Re8 13.Nf1 Bf8 14.Ng3 g6 15.b3 a5
16.a4 bxa4 17.bxa4 Nb6 18.Bd3 Qc8 19.Bg5 Bg7 20.Qc1 Ba6 21.Bc2 Nc4 22.Bh6 Bh8
23.Qg5 Rb8 24.Qh4 Rb2 25.Bd1 Rb6 26.Be2 c5 27.d5 Nd7 28.Rf1 Nb2 29.Ng5 Bxe2
30.Nxe2 Nd3 31.f4 Rb2 32.fxe5 N7xe5 33.Ng3 c4 34.Kh2 Qd7 35.Kh1 Nf2+ 36.Kh2 Nfd3
37.Nh1 Re2 38.Rab1 Rc2 39.Bg7 Bxg7 40.Qxh7+ Kf8 41.Ne6+ Rxe6 42.dxe6 Qc7
43.e7+ Kxe7 44.Qxg7 d5 45.Qf6+ Kd7 46.Ng3 dxe4 47.Rb5 Qc6 48.Qxc6+ Kxc6 49.Rf6+ Kd7
50.Nxe4 Ke7 51.Rxa5 Re2 52.Ra7+ Nd7 53.Rd6 Ne5 54.Rdxd7+ Nxd7 55.Nc5 Rd2
56.Kg3  1-0